000 00287nam a22000977a 4500
008 170410b xxu||||| |||| 00| 0 eng d
100 _aKalotay, Paul
245 _aBremen Booklet 2 classical Collecting area
260 _aSalzburg, austria
_bauthor
_c1947
650 _aGermany - States and Cities
999 _c2357
_d2357